Australia Country Quiz - Statistics

General Stats
  • This quiz has been taken 346 times
    219 since last reset
  • The average score is 19 of 30
Answer Stats
Question Answer % Correct
City with famous opera house Sydney
94%
Biggest island Tasmania
91%
Capital city Canberra
89%
National animal Red kangaroo
86%
New South... Wales
86%
Currency Australian dollar (AUD)
85%
Largest state Western Australia
84%
National bird Emu
82%
Flag part of flag Union Jack
81%
And their big sacred sandstone rock Uluru
79%
Vast, remote, arid interior of Australia Outback
78%
Gold
77%
Traditional team colours of national sporting teams Green
75%
Constellation on flag Southern Cross
74%
Demonym for Australians Aussie
71%
From United Kingdom
68%
Qurent monarch Queen Elizabeth II
64%
Koala like to eat a lot of it Eucalyptus
63%
Major tennis tournament held annually in Melbourne Australian Open
61%
Highway to Hell AC/DC
54%
Ramsay Street soap opera Neighbours
50%
Term used for rural, undeveloped land or country areas The bush
50%
Year of independence 1901
48%
Nickname of Australia Land Down Under
47%
Indigenous Australians Aborigines
41%
Is it a bird, is it a mammal? It is... Platypus
37%
And former tennis player, namesake of it's main arena Rod Laver
37%
Post-apocalyptic action movie series Mad Max
34%
Rabbit fur felt, brand of a bush hat Akubra
19%
The first European known to have seen it's coast Willem Janszoon
1%
No matching quizzes found
Score Distribution
Percent of People with Each Score
Percentile by Number Answered
Your Score History
You have not taken this quiz since the last reset